000 00360nam a2200133Ia 4500
005 20260326100039.0
008 260326s9999||||xx |||||||||||||| ||und||
100 _aDousdebes, Pedro Julio
245 0 _aGuía artística de Cartagena de Indias /
_cPedro Julio Dousdebes
260 _bPublicaciones Bogota
300 _a292 p.
650 _aURBANISMO
942 _cBK
999 _c6933
_d6933